| 000 | 00660nam a2200217 4500 | ||
|---|---|---|---|
| 003 | OSt | ||
| 005 | 20240725021511.0 | ||
| 006 | a | ||
| 008 | 240725b |||||||| |||| 00| 0 eng d | ||
| 020 | _a9780335234141 | ||
| 040 |
_aDWCL-Main lib. _cOC |
||
| 082 | _aCirc. 378.155 M423 2008 | ||
| 110 | _aNiel Denby | ||
| 245 | _aMasters level study in education : a guide to success for PGCE students / | ||
| 260 |
_aEngland : _bOpen University Press, _cc2008. |
||
| 300 |
_axxi, _b212 p. ; _c23 cm. |
||
| 504 | _aIncludes bibliographical references. | ||
| 650 | _a1. Graduate students. | ||
| 650 | _a2. Education, Higher. | ||
| 942 |
_2ddc _n0 _cBK-CIRC _kCirc. |
||
| 999 |
_c2702 _d2702 |
||